| 000 | 00620nam a22001457a 4500 | ||
|---|---|---|---|
| 003 | OSt | ||
| 005 | 20151208095151.0 | ||
| 008 | 151208b xxu||||| |||| 00| 0 eng d | ||
| 040 | _cRUA | ||
| 082 | _aATM SAN 2004 B193 Or.1 | ||
| 100 |
_94507 _aSAN, VIBOL. |
||
| 245 | _astudy on technique and human resurches in agro-insustry enterprises in cambodia (ការសិក្សាអំពីបច្ចេកទេស និង ធនធានមនុស្សក្នុងសហគ្រាស កសិឧស្សាហកម្ម នៅកម្ពុជា) | ||
| 260 |
_aPhnom Penh _bRUA _c2003 |
||
| 942 |
_2ddc _cATM |
||
| 999 |
_c4202 _d4202 |
||